Języki 50 największych miast świata - Statystyki

Ogólne statystyki
  • Ten quiz został rozwiązany 525 razy
  • Średni wynik to 44 z 50
Statystyki odpowiedzi
Miasto Kraj Język % Poprawnych
Tokio Japonia Japoński
99%
Osaka Japonia Japoński
99%
Nagoja Japonia Japoński
99%
Delhi Indie Hindi / Angielski
98%
Nowy Jork Stany Zjednoczone Angielski
97%
Lagos Nigeria Angielski
97%
Los Angeles Stany Zjednoczone Angielski
97%
Londyn Wielka Brytania Angielski
97%
Chicago Stany Zjednoczone Angielski
97%
Kalkuta Indie Bengalski / Angielski
97%
Szanghaj Chiny Chiński
97%
Pekin Chiny Chiński
97%
Chongqing Chiny Chiński
97%
Tianjin Chiny Chiński
97%
Guangzhou Chiny Chiński
97%
Shenzhen Chiny Chiński
97%
Chengdu Chiny Chiński
97%
Nanjing Chiny Chiński
97%
Wuhan Chiny Chiński
97%
Xi'an Chiny Chiński
97%
Hong Kong Chiny Chiński
97%
Dongguan Chiny Chiński
97%
Hangzhou Chiny Chiński
97%
Manila Filipiny Filipiński / Angielski
97%
Kuala Lumpur Malezja Malajski / Angielski
97%
Cennaj Indie Tamilski / Angielski
97%
Karaczi Pakistan Urdu / Angielski
97%
Lahore Pakistan Urdu / Angielski
97%
Meksyk Meksyk Hiszpański
94%
Buenos Aires Argentyna Hiszpański
94%
Bogotá Kolumbia Hiszpański
94%
Lima Peru Hiszpański
94%
São Paulo Brazylia Portugalski
93%
Rio de Janeiro Brazylia Portugalski
93%
Luanda Angola Portugalski
93%
Kinszasa D.R. Konga Francuski
92%
Paryż Francja Francuski
92%
Moskwa Rosja Rosyjski
92%
Seul Korea Południowa Koreański
90%
Stambuł Turcja Turecki
89%
Kair Egipt Arabski
85%
Ho Chi Minh Wietnam Wietnamski
83%
Ahmedabad Indie Gudżarati / Hindi
79%
Bangkok Tajlandia Tajski
73%
Dżakarta Indonezja Indonezyjski
59%
Teheran Iran Perski
58%
Dhaka Bangladesz Bengalski
50%
Hyderabad Indie Telugu / Urdu
25%
Bangaluru Indie Kannada
10%
Mumbaj Indie Marathi
9%
Nie znaleziono quizów pasujących do podanych kryteriów
Rozkład punktacji
Procent ludzi z każdym wynikiem
Percentyl według liczby udzielonych odpowiedzi
Twoja historia wyników
Nie rozwiązałeś tego quizu